[Event "Hastings Challengers9192"]
[Site "Hastings"]
[Date "1991.??.??"]
[Round "?"]
[White "Rogers, Jonathan"]
[Black "Emms, John M"]
[Result "0-1"]
[WhiteElo "2245"]
[BlackElo "2425"]

1.d4 Nf6 2.Bg5 Ne4 3.Bf4 d5 4.Nd2 Nxd2 5.Qxd2 Bf5 6.e3 e6 7.Ne2 Be7 8.c4 O-O
9.Nc3 c6 10.cxd5 cxd5 11.Bd3 Bxd3 12.Qxd3 Nc6 13.O-O a6 14.Rfc1 Rc8 15.Na4 Nb4
16.Qb3 Qa5 17.a3 b5 18.Nc5 Nc6 19.h3 Rfe8 20.a4 b4 21.Qd3 Nb8 22.Bxb8 Bxc5
23.dxc5 Rxb8 24.b3 Rec8 25.Qd4 Rc6 26.Rc2 Qc7 27.Rac1 a5 28.g3 Rd8 29.e4 dxe4
30.Qxe4 Rd5 31.Re1 g6 32.Rec1 Qd7 33.Kh2 h5 34.h4 Rd4 35.Qe5 Kh7 36.Rc4 Rd3
37.Rf4 f5 38.Qb8 Rxb3 39.Rd1 Qxd1 40.Qb7+ Kh6 41.Qxc6 Rb1 42.Rc4 Qg1+ 43.Kh3 Qf1+
44.Kh2 Qxc4  0-1

[Event "HUN-chT"]
[Site "HUN"]
[Date "1991.??.??"]
[Round "?"]
[White "Lajos, Janos"]
[Black "Toth, Janos"]
[Result "1/2-1/2"]
[WhiteElo "2360"]
[BlackElo "2285"]

1.d4 Nf6 2.Bg5 Ne4 3.h4 c5 4.d5 Qb6 5.Nd2 Nxg5 6.hxg5 Qxb2 7.e4 g6 8.Bc4 Bg7
9.Rb1 Qc3 10.Rb3 Qa5 11.Qb1 Qc7 12.Rbh3 d6 13.Rxh7 Rxh7 14.Rxh7 Kf8 15.f4 a6
16.f5 b5 17.Qd1 bxc4 18.Qf3 Kg8 19.Qh3  1/2-1/2

[Event "HUN-chT"]
[Site "HUN"]
[Date "1991.??.??"]
[Round "?"]
[White "Orgovan, Sandor"]
[Black "Lorincz, Istvan"]
[Result "1-0"]
[WhiteElo "2330"]
[BlackElo "2325"]

1.d4 Nf6 2.Bg5 Ne4 3.Bh4 d5 4.f3 Nd6 5.Nc3 c6 6.e4 Qa5 7.Bd3 e5 8.dxe5 d4
9.exd6 dxc3 10.bxc3 Qxc3+ 11.Kf1 Bxd6 12.Ne2 Qa5 13.Bg3 Bc5 14.Qe1 Bb4 15.Qb1 Nd7
16.Be1 Bxe1 17.Qxe1 Qc7 18.Qg3 Qxg3 19.hxg3 Nc5 20.Kf2 Be6 21.Ke3 O-O-O 22.Nf4 h6
23.a3 Rd7 24.Be2 Re8 25.Nd3 Na4 26.g4 Kc7 27.Rh5 b6 28.g5 hxg5 29.Rxg5 g6
30.Ne5 Rd6 31.Nd3 Bc4 32.Rh1 Re7 33.Rh7 Nc3 34.Nf4 Bxe2 35.Nxe2 Nd1+ 36.Kf4 Rd2
37.Ng3 Red7 38.e5 R2d4+ 39.Ne4 f5 40.Rxd7+ Kxd7 41.Rxg6 fxe4 42.fxe4 Nc3
43.Kf5 Rxe4 44.Rg7+ Kc8 45.g4 Re2 46.g5 Nb5 47.Rg8+ Kb7 48.Rg7+ Ka6 49.Rd7 c5
50.g6 Rf2+ 51.Kg5 Rxc2 52.e6 Rg2+ 53.Kf6 Rf2+ 54.Ke7 Nd4 55.g7 Rg2 56.Kf6 Rf2+
57.Ke7 Nf5+ 58.Kf8 Nh6+ 59.Rf7 Re2 60.e7 c4 61.e8=Q Rxe8+ 62.Kxe8  1-0

[Event "HUN-chT"]
[Site "HUN"]
[Date "1991.??.??"]
[Round "?"]
[White "Brandics, Jozsef"]
[Black "Varga, Zoltan"]
[Result "1/2-1/2"]
[WhiteElo "2355"]
[BlackElo "2370"]

1.d4 Nf6 2.Bg5 Ne4 3.Bf4 d5 4.Nd2 Nxd2 5.Qxd2 Bf5 6.e3 e6 7.Nf3 Nd7 8.Bd3 Bg6
9.Ne5 Bd6 10.Nxd7 Qxd7 11.Bxd6 Qxd6 12.O-O c6 13.Rae1 O-O-O 14.b4 Kb8 15.Qc3 f6
16.a4 Rhe8 17.Rb1 Rc8 18.Qd2 e5 19.c3 e4 20.Be2 f5 21.c4 dxc4 22.Bxc4 Re7
23.Rb2 Rd8 24.Rc1 f4 25.Bf1 Be8 26.b5 g5 27.bxc6 Bxc6 28.Qa5 Rg8 29.Rc5 h6
30.Qc3 Rc7 31.Rc2 Rgc8 32.Qb4 b6 33.Ba6 Ka8 34.R5c4 Qxb4 35.Rxb4 Bb7 36.Rxc7 Rxc7
37.Bxb7+ Kxb7 38.h4 Rc1+ 39.Kh2 fxe3 40.fxe3 Re1 41.hxg5 hxg5 42.Rb5 Rxe3
43.Rxg5 Rd3 44.Rg7+ Ka6 45.Rd7 e3 46.Kg3 e2+ 47.Kf2 Re3 48.Ke1 Rg3 49.Kxe2 Rxg2+
50.Kd3 Ra2 51.d5 Ra3+ 52.Kd4 Rxa4+ 53.Ke5 Ra1 54.d6 Rd1 55.Rc7 b5 56.Rc5 b4
57.Rd5 Rxd5+ 58.Kxd5 Kb7 59.Ke6 b3 60.d7 b2 61.d8=Q b1=Q 62.Qd7+ Kb6 63.Qd4+ Ka6
64.Qa4+  1/2-1/2

[Event "HUN-chT"]
[Site "HUN"]
[Date "1991.??.??"]
[Round "?"]
[White "Puschmann, Laszlo"]
[Black "Balogh, Bela"]
[Result "1/2-1/2"]
[WhiteElo "2360"]
[BlackElo "2270"]

1.d4 Nf6 2.Bg5 Ne4 3.Bf4 d6 4.f3 Nf6 5.e4 c5 6.dxc5 Qa5+ 7.Nc3 Qxc5 8.Qd2 Nc6
9.Be3 Qa5 10.Nge2 g6 11.Nd4 Bg7 12.Nb3 Qc7 13.Be2 a6 14.g4 b5 15.g5 b4 16.Nd1 Nd7
17.c3 a5 18.Nd4 Nxd4 19.cxd4 Ba6 20.Rc1 Qb7 21.O-O O-O 22.Bxa6 Qxa6 23.Nf2 Rac8
24.Qd3 Qxd3 25.Nxd3 Nb6 26.b3 Na8 27.Rxc8 Rxc8 28.Rc1 Rxc1+ 29.Nxc1 Nc7 30.Kf2 Nb5
31.Ne2 e6 32.Ke1 d5 33.Kd2 Kf8 34.Kd3 Ke7 35.Bc1 Kd6 36.Bf4+ Kc6 37.h3 Na3
38.Bc1 Nb5 39.Bb2 Bf8 40.h4 h5  1/2-1/2

[Event "Las Palmas op"]
[Site "Las Palmas"]
[Date "1991.??.??"]
[Round "4"]
[White "Morales, Julian"]
[Black "Santos, Francisco"]
[Result "1-0"]
[WhiteElo "2235"]
[BlackElo "2280"]

1.d4 Nf6 2.Bg5 Ne4 3.Bf4 d5 4.Nd2 Bf5 5.e3 e6 6.Ngf3 Bd6 7.Bg3 Nc6 8.Nh4 Bxg3
9.hxg3 Qf6 10.Nxf5 Qxf5 11.Nxe4 dxe4 12.Rh5 Qg6 13.Bb5 f5 14.Qe2 O-O 15.Bxc6 bxc6
16.Rh4 Qe8 17.Qc4 Qd7 18.O-O-O Qd5 19.Qa4 Qb5 20.Qb3 Rf6 21.c4 Qb6 22.Qa3 a5
23.Rd2 Rf7 24.Rh1 Rd7 25.Rhd1 Rad8 26.Qc3 Qb4 27.Qxb4 axb4 28.Kc2 g6 29.c5 Rd5
30.Kb3 Rb8 31.Rc2 e5 32.Rc4 Rb5 33.Rxb4 Rbxc5 34.dxc5 Rxd1 35.a4 Kf7 36.Rb7 Rd7
37.a5 Ke6 38.Kc4  1-0

[Event "Lyngby op"]
[Site "Lyngby"]
[Date "1991.??.??"]
[Round "5"]
[White "Holst, Allan"]
[Black "Mortensen, Erling"]
[Result "1/2-1/2"]
[WhiteElo "2280"]
[BlackElo "2450"]

1.d4 Nf6 2.Bg5 Ne4 3.Bf4 d5 4.Nd2 g6 5.e3 Bg7 6.Nxe4 dxe4 7.Bc4 c5 8.c3 Nc6
9.Ne2 Qb6 10.Qb3 Qxb3 11.axb3 e5 12.dxe5 Nxe5 13.Bxe5 Bxe5 14.Nf4 a6 15.Bd5 f5
16.Ra5 Bd6 17.h4 Ke7 18.Ke2 Rb8 19.Raa1 Rd8 20.Rhd1 Be5 21.Rd2 Rd6 22.Rad1 Bd7
23.Bc4 Rxd2+ 24.Kxd2 b5 25.Bd5 Be8 26.Kc2 Rd8 27.g3 a5 28.Bg8 Rxd1 29.Kxd1 h6
30.Kc2 g5 31.hxg5 hxg5 32.Nd5+ Kd6 33.c4 bxc4 34.bxc4 Bh5 35.Nc3 Bxc3 36.Kxc3 Ke5
37.b3 Bd1 38.Kb2 f4 39.gxf4+ gxf4 40.Ka3 fxe3 41.fxe3 Kd6 42.Bd5 Bc2 43.Ka4 Ke5
44.Kxa5 Bxb3 45.Kb5 Kd6 46.Bxe4 Bd1 47.Bd5 Bc2 48.e4 Bb3 49.e5+ Kxe5 50.Kxc5 Bxc4  1/2-1/2

[Event "Manzanillo"]
[Site "Manzanillo"]
[Date "1991.??.??"]
[Round "11"]
[White "Calderin, Roberto"]
[Black "Pazos, Plinio"]
[Result "1-0"]
[WhiteElo "2345"]
[BlackElo "2330"]

1.d4 Nf6 2.Bg5 Ne4 3.Bf4 c5 4.d5 d6 5.f3 Qa5+ 6.Nd2 Nf6 7.e4 g6 8.c3 Bg7
9.a4 O-O 10.Nc4 Qc7 11.Ne2 Nbd7 12.Qd2 Rb8 13.Ng3 Rd8 14.Be2 b6 15.O-O a6
16.b4 Ne5 17.Rfc1 Ne8 18.Bh6 Bh8 19.Nb2 Nf6 20.f4 Neg4 21.Bg5 b5 22.h3 cxb4
23.hxg4 Nxg4 24.cxb4 Qb6+ 25.Kh1 Qf2 26.Ra3 bxa4 27.Nd1 Qb6 28.Bxg4 Bxg4
29.Ne3 Bd7 30.Bxe7 Re8 31.Nc4 Qxb4 32.Bxd6 Qxd2 33.Nxd2 Bb2 34.Rca1 Bxa3
35.Bxa3 Rec8 36.e5 h5 37.Nge4 Bb5 38.Nc5 Rd8 39.d6 Bc6 40.Nxa6 Ra8 41.Nc5 Rdb8
42.Kg1 Kg7 43.Kf2 Ra5 44.g3 Rab5 45.Ke3 Rh8  1-0

[Event "Melbourne Masters"]
[Site "Melbourne"]
[Date "1991.??.??"]
[Round "4"]
[White "West, Guy"]
[Black "Sandler, Leonid"]
[Result "1-0"]
[WhiteElo "2445"]
[BlackElo "2320"]

1.d4 Nf6 2.Bg5 Ne4 3.Bf4 d5 4.f3 Nf6 5.Nc3 c5 6.e4 e6 7.Nb5 Na6 8.e5 Nd7
9.c3 Be7 10.Bd3 O-O 11.Qc2 h6 12.Qd2 f6 13.Nh3 Qb6 14.exf6 Bxf6 15.a4 e5
16.Be3 exd4 17.cxd4 cxd4 18.Bxd4 Ndc5 19.Bc2 Bxh3 20.gxh3 Qe6+ 21.Kd1 Qxh3
22.Ra3 Bg5 23.Qf2 Ne6 24.Bxa7 Nb4 25.Qg3 Nf4 26.Bb1 Rac8 27.Rc3 Qe6 28.Qe1 d4
29.Bxd4 Rcd8 30.Re3 Qf6 31.Qxb4 Nd5 32.Bxf6 Nxb4+ 33.Bxd8 Bxe3 34.Be7 Rc8
35.Nc3 Nc6 36.Ke2 Bf4 37.Bc5 Na5 38.Bd4 Nc6 39.Be3 Be5 40.Be4 Nd4+ 41.Bxd4 Bxd4
42.Bxb7  1-0

[Event "AUS-ch"]
[Site "Melbourne"]
[Date "1991.??.??"]
[Round "10"]
[White "Depasquale, Chris"]
[Black "Fuller, Maxwell L"]
[Result "0-1"]
[WhiteElo "2280"]
[BlackElo "2335"]

1.d4 Nf6 2.Bg5 Ne4 3.h4 c5 4.dxc5 Qa5+ 5.Nd2 Nxg5 6.hxg5 g6 7.c3 Qxc5 8.Ngf3 Bg7
9.e3 b6 10.Qa4 Bb7 11.O-O-O a6 12.Qf4 b5 13.Nb3 Qc6 14.Ne5 Qe6 15.Nd3 d6
16.Rh4 Nc6 17.Qh2 Ne5 18.Rxh7 O-O-O 19.Rxh8 Rxh8 20.Qf4 Rh1 21.Nxe5 Bxe5
22.Qb4 Qf5 23.f4 Bg7 24.a4 Bxg2 25.axb5 Bxf1 26.bxa6 Bg2 27.Rxh1 Bxh1 28.a7 Bb7
29.Na5 Qe4 30.Nc4 Qh1+ 31.Kc2 Be4+ 32.Kb3 Qd1+ 33.Ka2 Qb1+ 34.Ka3 Qa1+ 35.Kb3 Qd1+
36.Ka3 Qa1+ 37.Kb3 Qxa7 38.Nxd6+ exd6 39.Qxe4 Qb7+ 40.Qxb7+ Kxb7 41.Kc4 Kc6
42.e4 Bf8 43.b4 Be7 44.Kd4 Bd8 45.c4 Bb6+ 46.c5 dxc5+ 47.bxc5 Bxc5+ 48.Ke5 Be7
49.Kd4 Kd6 50.Kd3 Kc5 51.Kc3 Bd6 52.f5 Be5+ 53.Kd3 Kb4  0-1

[Event "FRA-ch Acc"]
[Site "Montpellier"]
[Date "1991.??.??"]
[Round "5"]
[White "Zimmermann, Walter"]
[Black "Brochet, Philippe"]
[Result "1/2-1/2"]
[WhiteElo "2250"]
[BlackElo "2245"]

1.d4 Nf6 2.Bg5 Ne4 3.Bf4 e6 4.f3 Bd6 5.Bxd6 Nxd6 6.e4 Nc6 7.Nc3 Qh4+ 8.g3 Qh6
9.f4 O-O 10.Nf3 b6 11.Bd3 Bb7 12.O-O Nb4 13.Rf2 f5 14.e5 Nxd3 15.cxd3 Nf7
16.d5 Bxd5 17.Nxd5 exd5 18.b4 Nd8 19.Qb3 c6 20.a4 a6 21.Rc1 b5 22.Ra2 Ne6
23.Rca1 Rad8 24.axb5 axb5 25.Ra7 g5 26.fxg5 Nxg5 27.Nxg5 Qxg5 28.Re1 f4 29.d4 fxg3
30.Qxg3 Qxg3+ 31.hxg3 Rf3 32.Kg2 Rd3 33.e6 dxe6 34.Rxe6 Rxd4 35.Ree7 Rg4
36.Rxh7 Ra8 37.Rac7 Ra3 38.Rhd7 Raxg3+ 39.Kf2 Rg7 40.Rxg7+ Rxg7 41.Rxc6 Rg4
42.Rc5 Rxb4 43.Rxd5 Kf7 44.Ke3 Ke6 45.Rd8  1/2-1/2

[Event "Russian Winter op"]
[Site "Moscow"]
[Date "1991.??.??"]
[Round "?"]
[White "Granovski, Aleksandar"]
[Black "Maksimenko, Andrei"]
[Result "0-1"]
[WhiteElo "2340"]
[BlackElo "2370"]

1.d4 Nf6 2.Bg5 Ne4 3.Bf4 c5 4.d5 e6 5.f3 Nf6 6.e4 exd5 7.exd5 d6 8.Bb5+ Nbd7
9.a4 a6 10.Be2 Nh5 11.Be3 g6 12.Nh3 Bg7 13.Nc3 O-O 14.g4 Re8 15.Qd2 Nhf6
16.Nf2 Nb6 17.Nfd1 h5 18.g5 Nh7 19.a5 Nd7 20.f4 b5 21.O-O b4 22.Na4 Qxa5
23.f5 gxf5 24.Rxf5 Ne5 25.Rf1 Bg4 26.Kg2 Nf8 27.h3 Bxe2 28.Qxe2 Nfg6 29.Qxh5 Nc4
30.Bc1 Re7  0-1

[Event "Moscow4"]
[Site "Moscow"]
[Date "1991.??.??"]
[Round "?"]
[White "Jung, Karl Otto"]
[Black "Kharitonov, Andrei Y"]
[Result "0-1"]
[WhiteElo "2210"]
[BlackElo "2490"]

1.d4 Nf6 2.Bg5 Ne4 3.h4 c5 4.e3 Qa5+ 5.c3 Nxg5 6.hxg5 cxd4 7.g6 dxe3 8.gxf7+ Kd8
9.fxe3 Qg5 10.Qf3 Nc6 11.Rh5 Qf6 12.Rf5 Qg6 13.Nh3 e6 14.Rg5 Qc2 15.Qg3 Qxb2
16.Rxg7 Qxa1 17.Bd3 Nb4 18.Qh4+ Kc7 19.Qc4+ Nc6 20.Rg8 d5 21.Qf4+ e5 22.Qf6 Bxh3
23.gxh3 Qb2 24.Kd1 e4 25.Bc2 Nb4 26.Na3 Nd3 27.Bxd3 exd3 28.Nb5+ Qxb5 29.Kd2 Qb1  0-1

[Event "Oostende op"]
[Site "Oostende"]
[Date "1991.??.??"]
[Round "9"]
[White "Jansa, Vlastimil"]
[Black "Kovalev, Andrei"]
[Result "1/2-1/2"]
[WhiteElo "2485"]
[BlackElo "2550"]

1.d4 Nf6 2.Bg5 Ne4 3.Bf4 c5 4.d5 Qb6 5.Qc1 e6 6.dxe6 fxe6 7.Nf3 d5 8.c4 Be7
9.Nc3 O-O 10.e3 Bf6 11.Bd3 Nxc3 12.bxc3 Nc6 13.O-O Qa5 14.Rb1 Qxc3 15.Qxc3 Bxc3
16.Bd6 Rd8 17.Bxc5 Ne5 18.Nxe5 Bxe5 19.Be7 Rd7 20.Bh4 Rc7 21.Rfc1 Bd7 22.cxd5 Rxc1+
23.Rxc1 exd5 24.Rb1 Bc6 25.Bg3 Bf6 26.Bd6 Rc8 27.Be2 Re8 28.Bf3 d4 29.e4 Bxe4
30.Bxe4 Rxe4  1/2-1/2

[Event "Quebec"]
[Site "Quebec"]
[Date "1991.??.??"]
[Round "5"]
[White "Barbeau, Sylvain"]
[Black "Berube, Richard"]
[Result "1-0"]
[WhiteElo "2385"]
[BlackElo "2260"]

1.d4 Nf6 2.Bg5 Ne4 3.Bf4 c5 4.f3 Nf6 5.d5 Qb6 6.e4 e6 7.c4 Qxb2 8.Nd2 Nh5
9.Be3 f5 10.Rb1 Qc3 11.Rb3 Qa5 12.g4 fxg4 13.fxg4 Nf6 14.e5 Ne4 15.Qc2 Nxd2
16.Bxd2 Qd8 17.Rh3 d6 18.Rxh7 Rxh7 19.Qxh7 dxe5 20.Qg6+ Kd7 21.Qxe6+ Kc7
22.Qxe5+ Bd6 23.Qxg7+ Bd7 24.Nf3 Na6 25.Bd3 Qf8 26.Qxf8 Rxf8 27.Bf5 Bxf5
28.gxf5 Rxf5 29.Ke2 Nb4 30.h4 Nd3 31.Kxd3 Rxf3+ 32.Ke4 Rf2 33.Be3 Rc2 34.h5 Rxc4+
35.Kf5 Rc3 36.Rh3 Kd7 37.h6 Bf8 38.h7 Bg7 39.Rg3 Bh8 40.Bf4 Rd3 41.Rxd3  1-0

[Event "BUL-chT"]
[Site "Sofia"]
[Date "1991.??.??"]
[Round "6"]
[White "Kurtenkov, Atanas"]
[Black "Peev, Peicho Chonev"]
[Result "1/2-1/2"]
[WhiteElo "2365"]
[BlackElo "2400"]

1.d4 Nf6 2.Bg5 Ne4 3.Bh4 d5 4.f3 Nd6 5.Nd2 Nc6 6.c3 Nf5 7.Bf2 e5 8.e4 Nfe7
9.Nb3 exd4 10.cxd4 Ng6 11.Bb5 Bb4+ 12.Kf1 O-O 13.a3 Be7 14.g3 dxe4 15.fxe4 f5
16.Bc4+ Kh8 17.e5 f4 18.Kg2 Bf5 19.Nf3 Qd7 20.h3 fxg3 21.Bxg3 Be4 22.Rf1 Qf5
23.Nd2 Bd3 24.Bxd3 Qxd3 25.Qb1 Qb5 26.Qe4 Rad8 27.b4 a5 28.bxa5 Nxa5 29.a4 Qc6
30.Qxc6 Nxc6 31.Rab1 Nb4 32.Rfc1 c5 33.dxc5 Nd3 34.Rc4 Nxc5 35.Rb5 b6 36.Rxb6 Ra8
37.Rbb4 Kg8 38.Nb3 Nd3 39.Rb5 Nb2 40.Rc2 Nxa4 41.Nbd4 Rfb8 42.Rxb8+ Rxb8
43.Nc6 Rb2 44.Rxb2 Nxb2 45.Nfd4 Nd3 46.Kf3 Nb4 47.Ke4 Nxc6 48.Nxc6 Bh4 49.Bh2 Ne7
50.Nd4 Bf2 51.e6 Bxd4 52.Kxd4 Kf8 53.Ke4 Ng6 54.Bd6+ Ke8 55.Ba3 Ne7 56.Bb2 Kf8
57.Ke5 Ke8 58.Ba1 Kf8 59.Kd6 Ke8 60.Bb2 Nf5+ 61.Ke5 Ne7 62.Bc3 Ng6+ 63.Kf5 Ne7+
64.Ke4 Kf8 65.Bb2 Ng6 66.Kd5 Nf4+ 67.Kd6 Ke8 68.h4 Ng6 69.h5 Ne7 70.Ke5 Ng8
71.Bc1  1/2-1/2

[Event "SWE-ch"]
[Site "SWE"]
[Date "1991.??.??"]
[Round "5"]
[White "Johansson, Jan"]
[Black "Johansson, Mikael"]
[Result "1/2-1/2"]
[WhiteElo "2365"]
[BlackElo "2260"]

1.d4 Nf6 2.Bg5 Ne4 3.Bh4 d5 4.Nd2 Nd6 5.e3 c5 6.dxc5 Nf5 7.Bg5 Qa5 8.Nf3 Nc6
9.c3 Qxc5 10.e4 h6 11.Bf4 g5 12.Bc7 e5 13.exd5 Qxd5 14.Bc4 Qc5 15.g4 Bg7
16.gxf5 Bxf5 17.Qe2 Qe7 18.Ne4 Qxc7 19.O-O-O O-O 20.h4 g4 21.Nfd2 h5 22.Qe3 Kh7
23.f3 Bh6 24.Ng5+ Kg7 25.fxg4 Bxg4 26.Rdg1 Qe7 27.Nde4 f5 28.Nc5 Bxg5 29.hxg5 f4
30.Qf2 b6 31.Ne4 Rh8 32.Nf6 Qc5 33.Qc2 Bf3 34.Qf5 Qxc4 35.Rxh5 Bxh5 36.Nxh5+ Rxh5
37.Qf6+ Kh7 38.Qf5+ Kh8 39.Qf6+ Kg8 40.Qg6+ Kf8 41.Qxh5 Ke7 42.Qh7+ Qf7 43.Qe4 Rc8
44.Rh1 Qxa2 45.g6 Qa1+ 46.Kc2 Nd4+ 47.Kd3 Qa6+ 48.Kd2 Qe2+ 49.Qxe2 Nxe2 50.Kxe2 Kf6
51.Kf3 Rg8 52.Ke4 Rxg6 53.Rh5 Rg3 54.Rf5+ Kg6 55.Rxe5 Rg2 56.b4 Rc2 57.Kxf4 Rxc3
58.Re7 Kf6 59.Rxa7 Rc4+ 60.Ke3 Rxb4 61.Kd3  1/2-1/2

[Event "SWE-ch"]
[Site "SWE"]
[Date "1991.??.??"]
[Round "9"]
[White "Johansson, Jan"]
[Black "Carlhammar, Magnus"]
[Result "0-1"]
[WhiteElo "2365"]
[BlackElo "2290"]

1.d4 Nf6 2.Bg5 Ne4 3.Bh4 c5 4.e3 Qb6 5.Nc3 Nxc3 6.bxc3 cxd4 7.exd4 g6 8.Nf3 Bg7
9.Bc4 Qc7 10.Qd3 O-O 11.O-O d6 12.Rfe1 e5 13.Bb3 Bf5 14.Qe3 Nc6 15.h3 Rae8
16.Rad1 Qa5 17.d5 Ne7 18.g4 Bd7 19.Nd2 f5 20.f3 Kh8 21.Nc4 Qa6 22.Bf2 Nc8
23.Nd2 Qa5 24.c4 b6 25.Kg2 Ne7 26.g5 Qc5 27.f4 Qxe3 28.Bxe3 e4 29.Nf1 Rc8
30.Bd4 Bxd4 31.Rxd4 Rc5 32.Ne3 Kg7 33.h4 h5 34.gxh6+ Kxh6 35.Kg3 Ng8 36.a4 Nf6
37.Ra1 Nh5+ 38.Kf2 Nxf4 39.a5 bxa5 40.Rdd1 Rb8 41.Rg1 Nh3+ 42.Kg3 Nxg1 43.Rxg1  0-1

[Event "Triberg"]
[Site "Triberg"]
[Date "1991.??.??"]
[Round "9"]
[White "Vatter, Hans Joachim"]
[Black "Mainka, Romuald"]
[Result "1-0"]
[WhiteElo "2325"]
[BlackElo "2430"]

1.d4 Nf6 2.Bg5 Ne4 3.Bf4 c5 4.f3 Nf6 5.d5 d6 6.e4 g6 7.c4 Bg7 8.Nc3 O-O 9.Qd2 a6
10.Bd3 e6 11.Nge2 exd5 12.exd5 Qc7 13.a4 Nbd7 14.O-O Re8 15.Ng3 Ne5 16.Be2 Bd7
17.h3 Bc8 18.Bg5 Ned7 19.Rae1 b6 20.b3 Bb7 21.Bh6 Bxh6 22.Qxh6 Re5 23.Bd3 Rae8
24.Qd2 Rxe1 25.Rxe1 Qd8 26.f4 Rxe1+ 27.Qxe1 Qe8 28.Qd2 Qe7 29.Kf2 Bc8 30.Qe3 Kf8
31.Qxe7+ Kxe7 32.Ke3 Ne8 33.Nge4 Ndf6 34.Ng5 Bd7 35.Nge4 Nxe4 36.Nxe4 Ng7
37.g4 h5  1-0

[Event "Warsaw Legion op"]
[Site "Warsaw"]
[Date "1991.??.??"]
[Round "5"]
[White "Bukhman, Eduard"]
[Black "Hass, Roman"]
[Result "1-0"]
[WhiteElo "2430"]
[BlackElo "2280"]

1.d4 Nf6 2.Bg5 Ne4 3.Bf4 c5 4.f3 Nf6 5.d5 Qb6 6.Nc3 Qxb2 7.Bd2 Qb6 8.e4 d6
9.f4 e6 10.Nf3 exd5 11.e5 dxe5 12.fxe5 Qe6 13.Bb5+ Bd7 14.O-O Ne4 15.Nxe4 dxe4
16.Ng5 Qxe5 17.Bxd7+ Nxd7 18.Nxf7 Qd4+ 19.Kh1 Rg8 20.Qg4 Be7 21.Bc3 Qxc3
22.Rad1 Nf6 23.Qe6 Qxc2 24.Ne5 Qxd1 25.Rxd1 Rf8 26.Rd7  1-0

[Event "Warsaw Legion op"]
[Site "Warsaw"]
[Date "1991.??.??"]
[Round "11"]
[White "Ivanov, Al"]
[Black "Sapis, Witalis"]
[Result "1/2-1/2"]
[WhiteElo "2360"]
[BlackElo "2415"]

1.d4 Nf6 2.Bg5 Ne4 3.Bh4 d5 4.Nf3 g6 5.Nbd2 Bg7 6.e3 Nxd2 7.Qxd2 O-O 8.c4 c6
9.Rc1 Nd7 10.cxd5 cxd5 11.Bg3 Nf6 12.Bc7 Qd7 13.Qb4 Qe6 14.Bd3 Ne8 15.O-O Bf6
16.Rc2 Nxc7 17.Rxc7 Rd8 18.Rfc1 Rd6 19.Qc3 Rd8 20.Qc5 a6 21.Rc3 b6 22.Qc6 Bd7
23.Qxe6 Bxe6 24.a3 Kf8 25.h4 Rdc8 26.Ng5 Bxg5 27.hxg5 Ke8 28.Rb7 Rxc3 29.bxc3 b5
30.Rc7 Kd8 31.Rc5 Rc8 32.Rxc8+ Bxc8 33.Kf1 Kc7 34.Ke1 Bd7 35.Kd2 a5 36.Kc1 Kd6
37.Kb2 f6 38.gxf6 exf6 39.Bc2 f5 40.Bd3 g5 41.f4  1/2-1/2

[Event "Wuerzburg op"]
[Site "Wuerzburg"]
[Date "1991.??.??"]
[Round "3"]
[White "Vatter, Hans Joachim"]
[Black "Suetin, Alexey S"]
[Result "1/2-1/2"]
[WhiteElo "2325"]
[BlackElo "2375"]

1.d4 Nf6 2.Bg5 Ne4 3.Bf4 d5 4.f3 Nf6 5.Nc3 c5 6.e4 e6 7.exd5 Nxd5 8.Nxd5 exd5
9.Bxb8 Rxb8 10.Bb5+ Bd7 11.Qe2+ Be7 12.O-O-O O-O 13.Bxd7 Qxd7 14.dxc5 Bxc5
15.Qd3 Qe7 16.Kb1 Rbd8 17.Ne2 Rfe8 18.Nc3 d4 19.Ne4 Bb6 20.h4 Qe5 21.g4 Qf4
22.Ng5 g6 23.Ne4 Re6 24.g5 Bc7 25.Rdg1 Be5 26.Re1 Rc8 27.h5 Rcc6 28.c3 Rc8
29.cxd4 Rd8 30.hxg6 hxg6 31.Nf6+ Bxf6 32.Rxe6 fxe6 33.gxf6 Qxf6 34.Rg1 Kg7
35.Rg4 Rd5 36.a3 Rf5 37.Qe4 b6 38.Ka2 Rxf3 39.Rxg6+ Qxg6 40.Qxf3 Qf5 41.Qc3 Qd5+
42.Kb1 Kf6 43.Kc2 a5 44.a4 Kf5 45.Qd3+ Kf6 46.b3 Ke7 47.Kc3 Kd6 48.Qh3 Kc6
49.Qd3 Kd6  1/2-1/2

[Event "Zuerich op"]
[Site "Zuerich"]
[Date "1991.??.??"]
[Round "6"]
[White "Ballmann, Martin"]
[Black "Haas, Carmi"]
[Result "1-0"]
[WhiteElo "2305"]
[BlackElo "2215"]

1.d4 Nf6 2.Bg5 Ne4 3.Bh4 d5 4.Nd2 c5 5.dxc5 Nxc5 6.Ngf3 Nc6 7.e3 g6 8.Be2 Bg7
9.c3 Bf5 10.Nb3 Na4 11.Qd2 Qb6 12.O-O O-O 13.Nfd4 Nxd4 14.Nxd4 Bxd4 15.cxd4 Qxb2
16.Qxb2 Nxb2 17.g4 Bc2 18.Bxe7 Rfe8 19.Rfc1 Rac8 20.Bc5 Bd3 21.Bxd3 Nxd3
22.Rc3 Nxc5 23.Rac1 Re6 24.Rxc5 Rxc5 25.Rxc5 Ra6 26.Rb5 b6 27.Rb2 Ra4 28.Kg2 f6
29.Kf3 Kf7 30.Kf4 Ke6 31.g5 f5 32.h4 Rc4 33.f3 Rc1 34.Rh2 b5 35.h5 Rc7 36.hxg6 hxg6
37.Rh6 Rg7 38.Rh8 Rb7 39.Rf8 Rg7 40.Rf6+ Kd7 41.Ra6 Kc8 42.Rd6 Kc7 43.Rxd5 Kc6
44.Rc5+ Kb6 45.Re5 b4 46.Re6+ Kb5 47.d5 a5 48.d6 Ra7 49.Re7 Ra6 50.Ke5  1-0

[Event "Aarhus-A"]
[Site "Aarhus"]
[Date "1992.??.??"]
[Round "6"]
[White "Rewitz, Poul"]
[Black "Kristensen, Jorgen Juul"]
[Result "0-1"]
[WhiteElo "2220"]
[BlackElo "2325"]

1.d4 Nf6 2.Bg5 Ne4 3.Bf4 d5 4.f3 Nf6 5.Nc3 e6 6.e4 c5 7.Nb5 Na6 8.e5 Nd7
9.Be3 cxd4 10.Bxd4 Nab8 11.f4 Nc6 12.c3 a6 13.Na3 Nxd4 14.cxd4 Qb6 15.Rb1 f6
16.Nf3 fxe5 17.fxe5 Bb4+ 18.Kf2 O-O 19.Be2 Nxe5 20.Nc2 Bd6 21.Ne3 Nc6 22.Nc2 e5
23.Kg1 e4 24.Nfe1 Bc5 25.h3 Nxd4 26.Nxd4 Bxd4+ 27.Kh2 Be5+  0-1

[Event "Wch U26"]
[Site "Antwerp"]
[Date "1992.??.??"]
[Round "4"]
[White "Ballmann, Martin"]
[Black "Van Beers, Eddy"]
[Result "1/2-1/2"]
[WhiteElo "2320"]
[BlackElo "2215"]

1.d4 Nf6 2.Bg5 Ne4 3.Bh4 c5 4.dxc5 Qa5+ 5.c3 Qxc5 6.Nd2 d5 7.Nxe4 dxe4 8.Qa4+ Qc6
9.Qxc6+ Nxc6 10.O-O-O e5  1/2-1/2

[Event "Oberliga Baden9192"]
[Site "Baden"]
[Date "1992.??.??"]
[Round "?"]
[White "Ludwig, Wolfgang"]
[Black "Giertz, Niklaus"]
[Result "0-1"]
[WhiteElo "2260"]
[BlackElo "2255"]

1.d4 Nf6 2.Bg5 Ne4 3.Bf4 c5 4.f3 Nf6 5.d5 Qb6 6.e4 Qxb2 7.Nd2 Qb4 8.Bc4 d6
9.a4 Qa5 10.Ne2 g6 11.O-O Bg7 12.e5 dxe5 13.Bxe5 Nbd7 14.Bc3 Qd8 15.a5 O-O
16.Qb1 Rb8 17.Qa2 Ne8 18.Ne4 b5 19.axb6 axb6 20.Rfb1 Bxc3 21.N2xc3 Nd6 22.Nxd6 exd6
23.Qa7 Qf6 24.Nb5 Rb7 25.Qa8 Ne5 26.Bf1 Re7 27.Ra7 Bf5 28.Nc7 Rxa8 29.Rxa8+ Kg7
30.Ne8+ Rxe8 31.Rxe8 Bxc2 32.Rxb6 c4 33.Rbb8 Bd3  0-1

[Event "Biel op"]
[Site "Biel"]
[Date "1992.??.??"]
[Round "2"]
[White "Pomes Marcet, Juan"]
[Black "Tukmakov, Vladimir B"]
[Result "0-1"]
[WhiteElo "2400"]
[BlackElo "2570"]

1.d4 Nf6 2.Bg5 Ne4 3.Bf4 c5 4.f3 Nf6 5.dxc5 Qa5+ 6.Qd2 Qxc5 7.Nc3 g6 8.e4 d6
9.Be3 Qa5 10.Nb5 Qd8 11.Nxa7 Bd7 12.a4 Bg7 13.a5 O-O 14.Bb6 Qe8 15.Bc4 Be6
16.Bxe6 fxe6 17.Ne2 Nfd7 18.Nd4 Nxb6 19.axb6 Qd8 20.Nxe6 Qxb6 21.Nxg7 Kxg7
22.Qf2 Qb4+ 23.c3 Qc4 24.Qe2 Qc5 25.Qf2 Nc6  0-1

[Event "SWE-chB"]
[Site "Borlange"]
[Date "1992.??.??"]
[Round "5"]
[White "Eriksson, Jorgen"]
[Black "Hjelm, Niclas"]
[Result "1/2-1/2"]
[WhiteElo "2220"]
[BlackElo "2320"]

1.d4 Nf6 2.Bg5 Ne4 3.Bf4 c5 4.d5 d6 5.f3 Nf6 6.e4 e5 7.Be3 Be7 8.Qd2 O-O
9.a4 Ne8 10.Ne2 g6 11.Nec3 Ng7 12.Na3 f5 13.Be2 Nd7 14.Nc4  1/2-1/2

[Event "Brussels SWIFT rapid"]
[Site "Brussels"]
[Date "1992.??.??"]
[Round "?"]
[White "Christiansen, Larry Mark"]
[Black "Beliavsky, Alexander G"]
[Result "1-0"]
[WhiteElo "2595"]
[BlackElo "2620"]

1.d4 Nf6 2.Bg5 Ne4 3.h4 d5 4.Nd2 Bf5 5.Nxe4 Bxe4 6.f3 h6 7.Bf4 Bh7 8.e3 e6
9.Bd3 Bxd3 10.Qxd3 c5 11.Ne2 Nc6 12.c3 cxd4 13.cxd4 Bd6 14.g4 Bxf4 15.Nxf4 Qb6
16.Rh2 O-O-O 17.Rc1 Kb8 18.Rc5 g5 19.hxg5 hxg5 20.Nh5 e5 21.Kd1 e4 22.fxe4 dxe4
23.Qb5 Nxd4 24.exd4 Rxd4+ 25.Rd2 Rxd2+ 26.Kxd2 Rd8+ 27.Kc2 Qd6 28.Kb1 a6
29.Qc4 Qd1+ 30.Qc1 Qxg4 31.Rxg5 Qe2 32.Nf4 Qf3 33.Rg1 e3 34.Rf1 Qe4+ 35.Qc2 Qb4
36.a3 Qb5 37.Rc1 Rd4 38.Qc7+ Ka7 39.Qxf7 e2 40.Qe6 Qa4 41.Qe3 Qd1 42.Nxe2 Qd3+
43.Qxd3 Rxd3 44.Rc7 Kb8 45.Rh7 Ka8 46.Nc3 Kb8 47.Kc2 Rd4 48.a4 Ka7 49.Re7 Kb8
50.Re4 Rd8 51.b4 Ka7 52.Re6 Kb8 53.b5 axb5 54.Nxb5 Rh8 55.Kb3 Rh3+ 56.Kb4 Rh8
57.Ka5 Rg8 58.Kb6 Rc8 59.Rh6 Ka8 60.Rg6 Kb8 61.Nd4 Ka8 62.Rd6 Kb8 63.Ne6 Ka8
64.Rd8 Rxd8 65.Nxd8  1-0

[Event "Wch U20"]
[Site "Buenos Aires"]
[Date "1992.??.??"]
[Round "?"]
[White "Danielian, Oganes"]
[Black "Rasik, Vitezslav"]
[Result "1/2-1/2"]
[WhiteElo "2460"]
[BlackElo "2415"]

1.d4 Nf6 2.Bg5 Ne4 3.Bh4 d5 4.f3 g5 5.fxe4 gxh4 6.exd5 Qxd5 7.Nc3 Qa5 8.Nf3 h3
9.gxh3 Bf5 10.Qd2 Nd7 11.b4 Qb6 12.e4 Bh6 13.Qd3 Bg6 14.Bg2 c6 15.Rb1 O-O
16.O-O e5 17.b5 Qc7 18.Kh1 Rfd8 19.bxc6 bxc6 20.Qc4 Rac8 21.dxe5 Nxe5 22.Nxe5 Qxe5
23.Rb7 Bg7 24.Ne2 Rc7 25.Rb3 Rcd7 26.Ng3 Qe6 27.Qxe6 fxe6 28.h4 Rd2 29.h5 Bf7
30.Rbf3 Rxc2 31.Rxf7 Rdd2 32.Rb7 Be5 33.Rg1 Bd4 34.Nf1 Rd3 35.Rd7 Rcc3 36.Bh3+ Bxg1
37.Bxe6+ Kf8 38.Rf7+ Ke8 39.Kxg1 Rd6 40.Rxh7 Rxe6 41.Ng3 Rd6 42.Kg2 Rd2+
43.Kh3 Rxa2 44.h6 Kf8 45.Kg4 Kg8 46.Rg7+ Kh8 47.Kg5 Rxh2 48.Nf5 Rch3 49.Rxa7 Rg2+
50.Kf6 Rf2 51.Ke5 Rfh2 52.Re7 Rxh6 53.Nxh6 Rxh6 54.Re6 Rxe6+ 55.Kxe6 Kg7
56.Kd6 Kf7  1/2-1/2